John von Neumann y los orígenes de la computación moderna

Saved in:
Bibliografiske detaljer
Hovedforfatter: Aspray, William (Author)
Format: Bog
Sprog:spansk
Udgivet: Barcelona Gedisa 1993
Fag:
Tags: Tilføj Tag
Ingen Tags, Vær først til at tagge denne postø!

MARC

LEADER 00000nam a2200000 a 4500
001 UCX7759
003 CL-VaPUC
005 20220811123204.0
008 931229e19930000SP |||||||||||||||||spa|d
999 |c 227487  |d 227485 
040 |c Pontificia Universidad Católica de Valparaíso 
082 0 4 |a 004.09  |b ASP  |2 21 
100 0 |a Aspray, William  |e author  |9 324679 
245 1 0 |a John von Neumann y los orígenes de la computación moderna 
260 |a Barcelona  |b Gedisa  |c 1993 
300 |a 414 p 
583 |a last modification  |c 19931229 00:00:00  |k Rodrigo Vera 
600 |a Von Neumann, John,  |d 1903-1957   |9 875409 
650 7 |a PROCESAMIENTO DE LA INFORMACION  |2 CL-VaPUC  |9 260052 
650 7 |a COMPUTADORES HISTORIA  |2 CL-VaPUC  |9 324681 
942 |c BK  |2 ddc 
945 |d 19931229 00:00:00  |a mfernand 
952 |0 0  |1 0  |4 0  |6 004_090000000000000_ASP_1993  |7 0  |8 P  |9 226555  |a BIBEDU  |b BIBEDU  |c BIBEDU_PB  |d 2019-11-15  |i 2957280  |o 004.09 ASP 1993  |p 2957280  |r 2024-01-25  |w 2019-11-15  |y BK  |k EDU 
952 |0 0  |1 0  |4 0  |6 004_090000000000000_ASP_1993  |7 0  |8 A  |9 226556  |a BIBMAT  |b BIBMAT  |d 2019-11-15  |i 3662268  |o 004.09 ASP 1993  |p 3662268  |r 2025-01-07  |w 2019-11-15  |y BK  |k MAT